000 002880000a22000970004500
100 1 _aAtiencia, Jorge
245 1 0 _a"God has said", the anchor in pluralistic Latin America
300 _aVol. 77, Num. 1 (Enero-Marzo, 1997), Páginas 18-19
773 0 _tLatin America Evangelist
942 _cANA
999 _c55057
_d55057